Países que acaban por la letra S - Estadísticas

Estadísticas generales
  • Esta prueba ha sido intentada 30 veces
    11 desde el último reinicio
  • La puntuación promedio es 13 de 16
Estadísticas de respuestas
Respuesta % Correcto
Bahamas
100%
Emiratos Árabes Unidos
90%
Estados Unidos
90%
Maldivas
90%
San Cristóbal y Nieves
90%
San Vicente y las Granadinas
90%
Seychelles
90%
Bangladés
80%
Comoras
80%
Filipinas
80%
Honduras
80%
Laos
80%
Barbados
70%
Marruecos
70%
Países Bajos
70%
Palaos
70%
No se encontraron pruebas coincidentes
Distribución de puntuación
Porcentaje de gente con cada puntuación
Porcentaje por número respondido
Historial de tus puntuaciones
No has intentado esta prueba desde el último reinicio